10 längsten Flüsse der Welt - Statistiken

Allgemein
  • Dieses Quiz wurde 192 mal gespielt
  • Das Durchschnittsergebnis liegt bei 5 aus 10
Antwortstatistiken
Platz Fluss % Korrekt
1. Nil
99%
2. Amazonas
97%
4. Mississippi
76%
9. Kongo
51%
3. Jangtsekiang
50%
8. Gelber Fluss
38%
6. Ob
34%
10. Mekong
33%
7. Amur
18%
5. Jenissei
8%
Keine übereinstimmenden Quizze gefunden
Verteilung der Resultate
Anzahl Personen mit jedem Resultat
Perzentil nach korrekt beantworteten Fragen
Ihre Resultats-Entwicklung
Sie haben dieses Quiz noch nicht gespielt